000 00846cam a22002897a 4500
003 CHAP
005 20220817041806.0
008 971013s1965 r 00010 d
010 _a24582
011 _a25554
035 _a29654
040 _cCHAP
082 _a640.7
_bH35Y
100 0 0 _aHall, Olive A.
_952346
245 1 3 _aLa enseñanza de la economía del hogar
260 _aMéxico, D.F. :
_bEd. Pax-México,
_c1965
300 _a383 p.
590 _aBATCH-UPD
_b10
_c20130110
_lUCH01
_h1826
590 _aBATCH-UPD
_b10
_c20130410
_lUCH01
_h1159
590 _aBATCH-UPD
_b10
_c20130914
_lUCH01
_h1233
590 _aCONVERSION
_b10
_c20130109
_lUCH01
_h1314
650 1 4 _aEconomía doméstica.
700 0 _aPaolucci, Beatrice.
_985162
901 _aBK
942 _cLIBRO
949 _a640.7 H35Y
_bBC
_cBPA
_d-68612
_eBPA
_h24862
_i29654
_mD
_si
999 _c24582
_d24582